Case Analysis The Critical Path to Persuasion /

Bibliographic Details
Main Author: Hollander, John
Format: eBook
Language:English
Published: Toronto: Irwin Law Inc., 2014
Subjects:
Online Access:Acceso restringido

MARC

LEADER 00000nam a22000007a 4500
005 20210805115855.0
007 cr|||| ||||
008 210805s2014 ca |||||s|||| 00||0 eng d
020 |a 9781552213674 
035 |a 34925 
040 |a vLex 
090 |c 11920  |d 11920 
100 1 |a Hollander, John 
245 1 0 |a Case Analysis  |h [Recurso electrn̤ico] :  |b The Critical Path to Persuasion /  |c John Hollander 
256 |a Servicio en ln̕ea 
260 |a Toronto:  |b Irwin Law Inc.,  |c 2014 
300 |a 1 recurso electrn̤ico 
500 |a How do lawyers get from the initial interview to a structured closing argument? Cases emerge in fits and starts — a fact here, a document there — and most of what lawyers learn about a case has no bearing on the outcome. How can lawyers begin to separate the wheat from the chaff? Case analysis, as outlined in this handbook, will teach you how to convert preparation into persuasion. Armed with case analysis, lawyers can plan and implement effective examinations, openings, and closings: start with the idea, then present the key facts in a manner that convinces — this is the critical path to persuasion. 
506 1 |a Disponible solo en los productos indicados  |d vLex Global  |d vLex Global (Academic Edition, excluding Law Schools)  |d vLex Global (U.S. Academic Edition, Law Schools)  |d vLex Global (U.S. Academic Edition, excluding Law Schools)  |d vLex Global (Academic Edition, Law Schools) 
650 0 4 |a Abogados  |z Canad̀ 
650 0 4 |a Derecho Pb︢lico y Administrativo  |z Canad̀ 
740 0 |a vLex Libros (Servicio en ln̕ea) 
856 4 0 |u https://app.vlex.com/#/sources/34925  |z Acceso restringido 
942 |c BOOK 
999 0 |a Lawyers 
999 0 |a Public and Administrative Law